000 01421nam a2200373 i 4500
001 62607
003 ES-MaACL
005 20250502063013.0
007 t|
008 031124s1984 sp f |||| |bspa d
017 _aBA 353-1984
_bOficina Depósito Legal Badajoz
020 _a8450503426
040 _cES-MaACL
080 _a929 Díez-Canedo, Enrique
080 _a821.134.2 Díez-Canedo, Enrique 1.07
100 1 _aFernández Gutiérrez, José María,
_9240172
_d1942-
_eaut
245 1 0 _aEnrique Díez-Canedo :
_bsu tiempo y su obra /
_cJosé Mª Fernández Gutiérrez ; prólogo de José Mª Martínez Cachero.
260 _a[Badajoz :
_bDepartamento de Publicaciones de la Excma. Diputación,
_c1984].
300 _a215 p.,
_b1 lám. ;
_c24 cm.
490 1 _aColección "Rodríguez Moñino" ;
_v1
500 _aÍndice.
504 _aBibliografía: p. 210-215.
600 1 4 _aDíez-Canedo, Enrique,
_d1879-1944
_944685
700 1 _aMartínez Cachero, José María
_977905
_eaui
830 0 0 _aColección "Rodríguez Moñino" ;
_v1
_9179374
852 _aES-MaACL
_jL-7590
_cDEPO2
852 _aES-MaACL
_jL-7720
_cDEPO2
852 _aES-MaACL
_jL-11871
_cDEPO2
852 _aES-MaACL
_jN-9209
_9205159
_bR.153161
_cDEPOJ
_hDonación: Editorial ?
_xEncuadernación rústica con solapas
942 _cMONOGRAFIA
999 _c62607
_d62607